000 00507nam a2200181Ia 4500
005 20250326124041.0
008 250326s9999 xx 000 0 und d
037 _aTextbook
040 _aFMSL
_beng
_cFMSL
041 _aeng
_2eng
084 _aX.7 L5
_qFMSL
100 _aHunter J M
_9736676
245 0 _aEconomic problems of latin America
_cHunter J M; Foley J W
260 _aLondon
_bLondon, Houghton Mifflin
_c1975
300 _a390p
942 _cTB
_hX.7 L5
999 _c1272049
_d1272049